| 000 | 00869cab a2200181 4500 | ||
|---|---|---|---|
| 001 | ##L134759 | ||
| 008 | 060830n2006 000 0 eng u | ||
| 035 | _a(Sirsi) u134759 | ||
| 041 | 0 | _aeng | |
| 100 | 1 | _aLindegaard, Kevin | |
| 245 | 0 | 0 | _aCHP - could you be a power producer? |
| 260 | _c2006 | ||
| 490 | 0 |
_aFarmers' Weekly _v144(22) 2 June 2006, 28-29(2) |
|
| 520 | _aSuggests that farmers who supply fuel crops should consider going further and becoming power generators themselves. Explains what combined heat and power (CHP) is and examines the feasibility of setting up micro-generating plants on farms. Looks at the planning, environmental and financial issues involved. Lists other sources of information. See also L134755 and L134757. | ||
| 651 | 4 |
_aUnited Kingdom _y |
|
| 690 | _aENVIRONMENTAL AND LAND CONSULTANCY-ENERGY-RENEWABLE ENERGY | ||
| 942 | _n0 | ||
| 999 |
_c77640 _d77640 |
||